000 00394nam a2200133Ia 4500
005 20260328104310.0
008 260328s9999||||xx |||||||||||||| ||und||
100 _aTrujillo Jaramillo, Sergio
245 0 _aGuía y Estándares para el Desarrollo Grafico del Proyecto Arquitectónico /
_cSergio Trujillo Jaramillo
260 _bCPNAA
300 _a105 p.
650 _aARQUITECTOS
942 _cBK
999 _c10930
_d10930